| 000 | 00922nam a22002777a 4500 | ||
|---|---|---|---|
| 001 | BR2018001591 | ||
| 003 | BR-BrBNA | ||
| 005 | 20230928105321.0 | ||
| 007 | ta | ||
| 008 | 230509b bl.||||| |||| 00| 0 por d | ||
| 040 |
_aBR-BrBNA _bpor _cBiblioteca Nacional de Agricultura |
||
| 041 | _a(Por) | ||
| 072 |
_aL73 _b5214 _b4110 |
||
| 090 | _ 5214 BR2018001591 | ||
| 100 | 1 | _aLage, P.G. | |
| 110 | 1 |
_aUniversidade Federal de Minas Gerais, Belo Horizonte (Brasil). Escola de Veterinária _0Tese (Mestre em Ciência Animal) |
|
| 245 | 1 | _aDispositivo fotobiomodulador para prevenção e tratamento de hiperqueratose de teto em vacas leiteiras | |
| 260 | 3 |
_aBelo Horizonte, MG (Brasil): _c2013. |
|
| 300 | _a55 p. | ||
| 500 | _aSummaries (Eng, Por); Bibliography p. 48-55; 15 illus. | ||
| 650 | _aGADO LEITEIRO | ||
| 650 | _aMAMITE | ||
| 650 | _aTRATAMENTO | ||
| 909 |
_a202309 _bLucia _c55 _dLucia Elande |
||
| 942 | _cBK | ||
| 999 |
_c84627 _d84627 |
||